000 00644nam a2200205 a 4500
005 20240228064305.0
008 170901s2007 ea r 000 0 spa d
020 _a1404268456
035 _aUPN01000220091
049 _aI
050 4 _aPZ78
_bT4.5
100 1 _aThomas, Mary Ann
_940184
245 1 0 _aMaría en la pastelería /
_cMary Ann Thomas ; tr. José María Obregón.
260 _aNew York :
_bRosen Classroom Books & Materials,
_c2007.
300 _a12 p. :
_bprincipalmente il. col.
440 0 _aLecturas del barrio.
_pProcedimiento
650 4 _aLibros y lectura para niños
_92290
905 _aInfantil
999 _c192190
_d192190